Argumentación sin dogmatismo y crítica sin escepticismo (Registro nro. 30244)

Detalles MARC
000 -LEADER
fixed length control field 00367 a2200121 4500
001 - CONTROL NUMBER
control field ART_27811
005 - DATE AND TIME OF LATEST TRANSACTION
control field 20260410161949.0
008 - FIXED-LENGTH DATA ELEMENTS--GENERAL INFORMATION
fixed length control field 260409a
100 1# - MAIN ENTRY--PERSONAL NAME
Personal name Salvatori, Mario J.
245 10 - TITLE STATEMENT
Title Argumentación sin dogmatismo y crítica sin escepticismo
700 1# - ADDED ENTRY--PERSONAL NAME
Personal name Trapani, Daniel A.
773 0# - HOST ITEM ENTRY
Title Invenio
Related parts - Año 2, Nº 3 (jun. 1999)
Record control number REV27781

No hay ítems disponibles.